| 000 | 01211nam2a22002531 4500 | ||
|---|---|---|---|
| 001 | rc\169186 | ||
| 005 | 20250621061546.0 | ||
| 010 | _a5-300-00489-8 | ||
| 035 | _a(NLR Aleph) 005616509 | ||
| 090 |
_a6459214 _c6459214 |
||
| 100 | _a20030307d1996 |||y0rusy50 ca | ||
| 101 | 0 | _arus | |
| 102 | _aRU | ||
| 105 | _ay ||||||||| | ||
| 200 | 1 |
_aМадмуазель Фифи _e[Рассказы] _aЖизнь _e[Роман] _aРассказы вальдшнепа _f[Пер. А.Н. Чеботаревской] |
|
| 210 |
_d1996 _aБ. м. |
||
| 215 | _a397, [1] с. | ||
| 320 | _aБиблиогр. в примеч.: с. 381-388 | ||
| 461 | 0 |
_1001rc\169184 _12001#$aСобрание сочинений$eВ 10 т.$e[Пер. с фр.]$fГи де Мопассан$g[Сост. и авт. предисл., с. 5-20, В. Пронин]$vТ. 2 _1700#1$aМопассан$bГ. де$gГи де$f1850-1893 _96459197 _aМопассан, Г. де (1850-1893) _cМ. _d1996- _fГи де Мопассан _nИзд. центр "Терра" _oВ 10 т. : [Пер. с фр.] _tСобрание сочинений _y530000488X _vТ. 2 |
|
| 801 | 0 |
_aRU _bNLR _gpsbo |
|
| 801 | 1 |
_aRU _bELAR _2rusmarc |
|
| 852 |
_aNLR _j96-5/2080 |
||
| 942 | _cBOOK | ||
| 980 | _aNB | ||